| 000 | 01228nam a2200325 a 4500 | ||
|---|---|---|---|
| 001 | 000115524 | ||
| 003 | CHAP | ||
| 005 | 20220329144538.0 | ||
| 008 | 190603s2018 mx a sm |||||||spa d | ||
| 010 | _a111985 | ||
| 011 | _a112957 | ||
| 040 | _cCHAP | ||
| 090 | _aTesis | ||
| 100 | 1 |
_aHernández Zúñiga, Luis Daniel. _9135894 |
|
| 245 | 1 | 0 |
_aIncidencia y niveles de infestación por varroasis (Varroa destructor) en abejas (Apis mellifera) en apiarios de Uruza y Lerdo / _h[En línea] _cpor Luis Daniel Hernández Zuñiga. |
| 260 |
_aChapingo, Méx. : _bEl autor, _c2018. |
||
| 500 | _aPara ver el contenido del material haga clic en la liga | ||
| 502 | _aTesis (Ing. en Sistemas Agroalimentarios) -- UACH. Unidad Regional Universitaria de Zonas Áridas | ||
| 590 |
_aBATCH-UPD _b05 _c20190603 _lUCH01 _h1408 |
||
| 590 |
_aE8697GMM _b05 _c20190603 _lUCH01 _h1016 |
||
| 590 |
_aE8697GMM _b05 _c20190603 _lUCH01 _h1018 |
||
| 590 |
_aE8697GMM _b05 _c20190603 _lUCH01 _h1407 |
||
| 650 | 1 | 4 |
_aAbejas _xEnfermedades. _9186 |
| 650 | 1 | 4 |
_aAbejas _xParásitos. _9190 |
| 650 | 1 | 4 |
_aAbejas _xPlagas. _9191 |
| 856 |
_aFinding aid _uhttp://10.13.5.2/tesis/sist115524.pdf _zTeclea aquí |
||
| 901 | _aBK | ||
| 942 | _cTESIS | ||
| 942 | _n0 | ||
| 999 |
_c111985 _d111985 |
||